| 000 | 00516nmm a2200169Ia 4500 | ||
|---|---|---|---|
| 008 | 251105s9999||||xx |||||||||||||||||und|| | ||
| 020 | _a9789588869520 | ||
| 041 | _aspa | ||
| 100 | _aTirado Mejía, Alvaro | ||
| 245 | 0 |
_aHistoria viva. Tomo I : _b Miscelánea. Política exterior |
|
| 264 |
_a[Bogotá, Colombia] : _bEdiciones Unaula, _c2016 |
||
| 300 | _a454 páginas | ||
| 490 | _aFundadores | ||
| 650 | _aPolitical Science (General) | ||
| 856 | _uhttps://public.digitaliapublishing.com/a/49647 | ||
| 942 | _cCF | ||
| 999 |
_c96666 _d96666 |
||